000 00319nam a2200121Ia 4500
008 240731s9999 xx 000 0 und d
022 _a1478-3371
245 0 _aTotal Quality Management & Business Excellence
260 _bRoutledge
856 _uhttps://www.tandfonline.com/loi/ctqm20
942 _2ddc
942 _cTFEJ
999 _c80150
_d80150
945 _a1
_bMadushi Gamage
_c1
_dMadushi Gamage